000 00853 a2200229 4500
001 64006
005 20260521160828.0
008 260521a1979 arg spa d
003 AR-UNSa-BCEJYS
040 _aAR-UNSa-BCEJYS
_bspa
_cAR-UNSa-BCEJYS
080 _a658.5
_xPlanificación y control de la producción
245 1 0 _aEl factor humano en la producción
264 1 _aBilbao :
_bEdiciones Deusto
_c1979
300 _axvii, 456 p.
_c24 cm.
505 _a1. Primera Parte: La problemática humana en la organización de la producción - 2. Segunda Parte: La remuneración del trabajo - 3. Tercera Parte: Seguridad e higiene en el trabajo -
041 _aspa
942 _cBK
590 _aniveau_biblio:m niveau_hierar:0
100 1 _aCorrons Prieto, Luis
700 1 _aAlonso de Leciñana, Jesús
700 1 _aRuiz Iturregui, José Maria
999 _c36484
_d36484